000 00659cam a2200229 4500500
005 20260405001917.0
041 _afre
042 _adc
100 1 0 _aLequin, Mathilde
_eauthor
245 0 0 _aNietzsche: La détresse du présent
260 _c2014.
500 _a45
690 _aDétresse
690 _aDorian Astor
690 _aÉternité
690 _aInactualité
690 _aModernité
690 _aNietzsche
690 _aPrésent
786 0 _nPhilosophie magazine | 85 | 12-1 | 2014-12-01 | p. 70-70 | 1951-1787
856 4 1 _uhttps://shs.cairn.info/magazine-philosophie-magazine-2014-12-1-page-70?lang=fr&redirect-ssocas=7080
999 _c2052280
_d2052280